Titan / (Record no. 163511)

MARC details
000 -LEADER
campo de control de longitud fija 00679nam a2200193 i 4500
001 - NÚMERO DE CONTROL
campo de control 163511
003 - IDENTIFICADOR DE NÚMERO DE CONTROL
campo de control ES-MaACL
005 - FECHA Y HORA DE LA ÚLTIMA TRANSACCIÓN
campo de control 20251015063143.0
008 - DATOS DE LONGITUD FIJA--INFORMACIÓN GENERAL
campo de control de longitud fija 050713s1878 fr | |||||||| ||fre d
040 ## - FUENTE DE CATALOGACIÓN
Centro catalogador/agencia de origen CAM
Lengua de catalogación spa
Centro/agencia transcriptor CAM
100 1# - ENTRADA PRINCIPAL--NOMBRE DE PERSONA
Nombre de persona Paul, Jean,
Fechas asociadas al nombre 1763-1825
9 (RLIN) 149234
245 10 - MENCIÓN DEL TÍTULO
Título Titan /
Mención de responsabilidad, etc. Jean-Paul-Frédéric Richter; traduit de l'allemand par Philarète Chasles.
260 ## - PUBLICACIÓN, DISTRIBUCIÓN, ETC.
Lugar de publicación, distribución, etc. Paris :
Nombre del editor, distribuidor, etc. G. Charpentier éditeur,
Fecha de publicación, distribución, etc. 1878 (
Lugar de fabricación/manufactura Corbeil :
Fabricante Typ. et stér. de Crété)
300 ## - DESCRIPCIÓN FÍSICA
Extensión 2 v. (436; 417 p.) ;
Dimensiones 18 cm.
700 1# - ENTRADA AGREGADA--NOMBRE PERSONAL
Nombre de persona Chasles, Philarète,
Fechas asociadas al nombre 1798-1873
9 (RLIN) 38156
852 ## - LOCALIZACIÓN
Ubicación ES-MaACL
Número de control de estantería G-10327-28
Nota libre -- Enc. hol.
Holdings
Estatus retirado Estado de pérdida Estado de daño No para préstamo Colección Biblioteca de origen Biblioteca actual Ubicación en estantería Fecha de adquisición Total de préstamos Signatura topográfica completa Código de barras Visto por última vez Precio de reemplazo Tipo de ítem Koha
        Libros del s. XIX Biblioteca del Ateneo de Madrid Biblioteca del Ateneo de Madrid Sala Pecera Planta 3 17/01/2008   G-10327-28 1171342 23/02/2023 23/02/2023 Libro impreso antiguo